Biggest, strongest, fastest / (Record no. 3398)

MARC details
000 -LEADER
fixed length control field 00929pam a2200265 a 4500
005 - DATE AND TIME OF LATEST TRANSACTION
control field 20250703095849.0
020 ## - INTERNATIONAL STANDARD BOOK NUMBER
International Standard Book Number 0590959220
040 ## - CATALOGING SOURCE
Original cataloging agency DLC
Transcribing agency DLC
Modifying agency DLC
Language of cataloging eng
050 00 - LIBRARY OF CONGRESS CALL NUMBER
Classification number QL49.J45
Item number 1995
082 00 - DEWEY DECIMAL CLASSIFICATION NUMBER
Classification number 591
100 1# - MAIN ENTRY--PERSONAL NAME
Personal name Jenkins, Steve
Dates associated with a name 1952-2021.
245 10 - TITLE STATEMENT
Title Biggest, strongest, fastest /
Statement of responsibility, etc. by Steve Jenkins
250 ## - EDITION STATEMENT
Edition statement First Scholastic printing, October 1996
260 ## - PUBLICATION, DISTRIBUTION, ETC.
Place of publication, distribution, etc. New York :
Name of publisher, distributor, etc. Scholastic ,
Date of publication, distribution, etc. 1995
300 ## - PHYSICAL DESCRIPTION
Extent 31 unnumbered pages :
Other physical details color illustrations ;
Dimensions 21 cm .
505 ## - FORMATTED CONTENTS NOTE
Formatted contents note M <br/><br/>
520 ## - SUMMARY, ETC.
Summary, etc. Colorful illustrations demonstrate animals representing the extremes of the animal world in speed, size, and strength.
521 ## - TARGET AUDIENCE NOTE
Target audience note 540 <br/><br/>
Source Lexile AD <br/><br/>
521 ## - TARGET AUDIENCE NOTE
Target audience note M <br/><br/>
Source Raz-Plus <br/>
650 #0 - SUBJECT ADDED ENTRY--TOPICAL TERM
Topical term or geographic name entry element Animals
General subdivision Miscellanea
-- Juvenile literature
650 #1 - SUBJECT ADDED ENTRY--TOPICAL TERM
Topical term or geographic name entry element Animals
General subdivision Miscellanea
Form subdivision Juvenile literature
906 ## - LOCAL DATA ELEMENT F, LDF (RLIN)
a 7
b cbc
c orignew
d 1
e ocip
f 19
g y-gencatlg
942 ## - ADDED ENTRY ELEMENTS (KOHA)
Source of classification or shelving scheme Dewey Decimal Classification
Koha item type Books
Suppress in OPAC No
999 ## -
-- 3398
-- 3398
Holdings
Withdrawn status Lost status Source of classification or shelving scheme Damaged status Not for loan Collection Home library Current library Shelving location Date acquired Total Checkouts Full call number Barcode Date last seen Copy number Price effective from Koha item type Date due Date last checked out
    Dewey Decimal Classification     Non-Fiction Footprints International School Library Network Toul Tom Poung Campus Footprints International School Library Network Toul Kork Campus TTP Primary Yellow Bookshelves 03/01/2024 2 JEN 591 QL49.J45 FISTK02505 12/18/2025 2 03/01/2024 Books 01/01/2026 12/18/2025
    Dewey Decimal Classification     Non-Fiction Footprints International School Library Network Toul Kork Campus Footprints International School Library Network Toul Kork Campus TK Primary Library Room(4th Floor), Bookcase 3&4, Shelves 17-32, Yellow Books 07/03/2025   JEN 591 QL49.J45 FISTK01458 07/03/2025 4 07/03/2025 Books    
    Dewey Decimal Classification     Non-Fiction Footprints International School Library Network Toul Tom Poung Campus Footprints International School Library Network Toul Tom Poung Campus TTP Primary Yellow Bookshelves 03/01/2024   JEN 591 QL49.J45 FISBK05286 03/19/2024 1 03/01/2024 Books    
    Dewey Decimal Classification     Non-Fiction Footprints International School Library Network Toul Tom Poung Campus Footprints International School Library Network Toul Tom Poung Campus TTP Primary Yellow Bookshelves 03/01/2024   JEN 591 QL49.J45 FIS05661 09/12/2024 3 03/01/2024 Books